Greek literature : an anthology : translations from Greek prose and poetry

Αποθηκεύτηκε σε:
Λεπτομέρειες βιβλιογραφικής εγγραφής
Άλλοι συγγραφείς: Grant, Michael 1914-
Μορφή: Βιβλίο
Γλώσσα:English
Δημοσίευση: London : Penguin, c1990
Σειρά:Penguin classics
Θέματα:
Ετικέτες: Προσθήκη ετικέτας
Δεν υπάρχουν, Καταχωρήστε ετικέτα πρώτοι!

MARC

LEADER 00000nam a2200000 i 4500
001 1/85332
008 990701s1990 eng d
020 |a 0-14-044323-1 
035 |l 10051815 
040 |a GR-MY-UA  |b gre  |e aacr 
041 0 |a eng 
082 0 |a 880.8001 
245 1 0 |a Greek literature :  |b an anthology : translations from Greek prose and poetry /  |c chosen by Michael Grant 
260 |a London :   |b Penguin,   |c c1990 
300 |a 491 p. 
490 1 |a Penguin classics 
650 0 0 |a Greek literature  |x Translations into English. 
651 0 |a Greece  |x Literary collections. 
700 1 |a Grant, Michael  |d 1914- 
830 0 |a Penguin classics 
852 |a INST  |b LESVOS  |e 19990701  |h 880.8001 GRE  |p 005100019949  |q 005100019949  |t BK  |y 0 
901 |a BIBL1-1999-2 
909 |a Λ  |b 062435 
922 |a 1ΕΛΗ  |b 199812  |c ΚΠΣ/ΚΥΒ  |d LEADER 
950 |a 023-1998-09-14 
970 |a ΤΖΑΦΕΡΗ  |b ΕΥΑΓΓΕΛΙΑ  |z 1999/07/08